Biggest Cities in the Philippines - Statistics

General Stats
  • This quiz has been taken 26 times
  • The average score is 7 of 15
Answer Stats
Population City Name % Correct
922K Cebu
100%
1.78M Manila
93%
1.633M Davao
86%
2.936M Quezon City
79%
582K Makati
57%
1.584M Caloocan
50%
804K Taguig
43%
755K Pasig
36%
861K Zamboanga
36%
561K Bacolod
29%
675K Cagayan de Oro
29%
588K Las Pinas
29%
665K Paranaque
29%
594K General Santos
21%
620K Valenzuela
21%
No matching quizzes found
Score Distribution
Percent of People with Each Score
Percentile by Number Answered
Your Score History
You have not taken this quiz